书目信息 |
| 题名: |
机械工程专业英语
|
|
| 作者: | 施平 主编 | |
| 分册: | ||
| 出版信息: | 哈尔滨 哈尔滨工业大学出版社 1999.07 |
|
| 页数: | 305页 | |
| 开本: | 32开 | |
| 丛书名: | ||
| 单 册: | ||
| 中图分类: | H319.4:TH | |
| 科图分类: | ||
| 主题词: | 英语 | |
| 电子资源: | ||
| ISBN: | 7-5603-1403-1 | |
| 000 | 00564nam0 2200193 45 | |
| 001 | 0009121185 | |
| 005 | 20000912115057.2 | |
| 010 | @a7-5603-1403-1@d13.80元 | |
| 100 | @a20000912d1999 km y0chiy0120 ea | |
| 101 | 0 | @achi |
| 105 | @a z 000yy | |
| 200 | 1 | @a机械工程专业英语@AJi Xie Gong Cheng Zhuan Ye Ying Yu@f施平主编@FShi Ping Zhu Bian |
| 210 | @a哈尔滨@c哈尔滨工业大学出版社@d1999.07 | |
| 215 | @a305页@d32开 | |
| 606 | 0 | @a英语 |
| 690 | @aH319.4:TH@v3 | |
| 701 | 0 | @a施平@4主编 |
| 801 | @aCN@bPftUser@c20000912 | |
| 905 | @b137329-333@dH319.4:TH@eSH.535@f5 | |
| 机械工程专业英语/施平主编.-哈尔滨:哈尔滨工业大学出版社,1999.07 |
| 305页;32开 |
| ISBN 7-5603-1403-1:13.80元 |
| ● |
| 相关链接 |
|
|
|
正题名:机械工程专业英语
索取号:H319.4:TH/SH.535
 
预约/预借
| 序号 | 登录号 | 条形码 | 馆藏地/架位号 | 状态 | 备注 |
| 1 | 137329 | 201373290 | 语言库209/209语言库 26排2列5层/ [索取号:H319.4:TH/SH.535] | 在馆 | |
| 2 | 137330 | 201373307 | 语言库209/209语言库 26排2列5层/ [索取号:H319.4:TH/SH.535] | 在馆 | |
| 3 | 137331 | 201373316 | 社科二线400B/400B社科库 12排2列1层/ [索取号:H319.4:TH/SH.535] | 在馆 | |
| 4 | 137332 | 201373325 | 语言库209/209语言库 26排2列5层/ [索取号:H319.4:TH/SH.535] | 在馆 | |
| 5 | 137333 | 201373334 | 社科二线400B/209语言库 26排2列5层/ [索取号:H319.4:TH/SH.535] | 在馆 |